Ermordungen in der Geschichte - Statistiken

Allgemein
  • Dieses Quiz wurde 6.826 mal gespielt
  • Das Durchschnittsergebnis liegt bei 7 aus 20
Antwortstatistiken
Jahr Stadt Person % Korrekt
44 v. Chr. Rom Gaius Iulius Caesar
91%
1963 Dallas John F. Kennedy
90%
1968 Los Angeles Robert Kennedy
82%
1865 Washington, D.C. Abraham Lincoln
72%
1914 Sarajevo Franz Ferdinand
69%
1948 Neu-Delhi Mohandas Gandhi
50%
1968 Memphis Martin Luther King, Jr.
47%
1980 New York City John Lennon
39%
2018 Istanbul Jamal Khashoggi
16%
1940 Mexiko-Stadt Leo Trotzki
16%
1963 Dallas Lee Harvey Oswald
14%
1995 Tel Aviv Jitzchak Rabin
13%
1881 Washington, D.C. James Garfield
12%
1981 Kairo Anwar as-Sadat
11%
1967 West-Berlin Benno Ohnesorg
11%
1965 New York City Malcolm X
10%
1901 Buffalo William McKinley
8%
2007 Rawalpindi, Pakistan Benazir Bhutto
7%
1170 Canterbury Thomas Becket
7%
1979 Seoul Park Chung-hee
3%
Keine übereinstimmenden Quizze gefunden
Verteilung der Resultate
Anzahl Personen mit jedem Resultat
Perzentil nach korrekt beantworteten Fragen
Ihre Resultats-Entwicklung
Sie haben dieses Quiz noch nicht gespielt